| 000 | 01076nam a22003377a 4500 | ||
|---|---|---|---|
| 003 | CHAP | ||
| 005 | 20220817041118.0 | ||
| 008 | 971013s1993 r 00010 d | ||
| 010 | _a6657 | ||
| 011 | _a7629 | ||
| 035 | _a6853 | ||
| 040 | _cCHAP | ||
| 082 |
_a631.7 _bM38 |
||
| 100 | 0 | 0 |
_aMartín de Santa Olalla Mañas, Francisco _ecoord. |
| 245 | _aAgronomía del riego | ||
| 260 |
_aMadrid : _bMundi - Prensa, _c1993 |
||
| 300 |
_a732 p. _b: ilus. ; gráfs. |
||
| 590 |
_aBATCH-UPD _b10 _c20130110 _lUCH01 _h1107 |
||
| 590 |
_aBATCH-UPD _b10 _c20130410 _lUCH01 _h0659 |
||
| 590 |
_aBATCH-UPD _b10 _c20130914 _lUCH01 _h0525 |
||
| 590 |
_aBATCH-UPD _b10 _c20130914 _lUCH01 _h2049 |
||
| 590 |
_aCONVERSION _b10 _c20130109 _lUCH01 _h1305 |
||
| 650 | 1 | 4 |
_aAgua para irrigacion. _92430 |
| 650 | 1 | 4 |
_aBalance hídrico. _99602 |
| 650 | 1 | 4 |
_aEvapotranspiración. _938968 |
| 650 | 1 | 4 |
_aIrrigación. _960366 |
| 700 | 0 |
_aJuan Valero, José Arturo de. _962252 |
|
| 901 | _aBK | ||
| 942 | _cLIBRO | ||
| 949 |
_a631.7 M38 _bBC _cLIBRO _d33724000091260 _eLIBRO _gI. 169886 _h85,120 _i6853 _si _t235.00 |
||
| 999 |
_c6657 _d6657 |
||